| 000 | 00689nam a2200229Ia 4500 | ||
|---|---|---|---|
| 003 | OSt | ||
| 005 | 20230615151517.0 | ||
| 008 | 210423s2007 xx 000 0 und d | ||
| 020 | _a9781429203128 | ||
| 040 | _cAL | ||
| 041 | _aeng | ||
| 082 | _a574.87322 WATR | ||
| 100 |
_aWATSON (James D);MYERS (Richard M);CAUDY (Amy A);WITKOWSKI (Jan A) _9100188 |
||
| 245 | _aRecombinant DNA: genes and genomes a short course Ed 3 | ||
| 260 |
_aNew York _bW H Freeman & Co _c2007 |
||
| 300 |
_axxii,474 _bPB |
||
| 365 |
_b2780 _cINR |
||
| 650 |
_aBiology _9100189 |
||
| 650 |
_aCell Biology _9100190 |
||
| 906 | _acourse ; DNA: ; Ed ; genes ; genomes ; Recombinant ; short | ||
| 942 |
_2ddc _cBK |
||
| 999 |
_c163474 _d163474 |
||